Personnage mystère #37 - Statistiques

Statistiques générales
  • Ce quiz a été pris 218 fois
  • Le résultat moyen est 7 sur 7
Statistiques - réponses
Lettres Indices % Correct
SIDNEY Disney
100%
DILÉÉVER Délivrée
99%
LÉÉBIRE Libérée
98%
GNEIE Neige
98%
NIREE Reine
98%
LONIPHERE Orpheline
90%
Nom du personnage Elsa
89%
Aucun quiz correspondant
Distribution des résultats
% des personnes avec chaque résultat
Percentile par nombre de réponses
Votre historique - résultats
Vous n’avez pas pris ce quiz